000 00366nam a2200157Ia 4500
008 151213s9999 xx 000 0 und d
100 _aErnest Rhys
245 _aBelles Letters
_cErnest Rhys
250 _a1st
260 _aLondon
_bJ. M. Dent & Sons
_c1907
300 _a4318 p.
650 _aEnglish
650 _aEssays
700 _aErnest Rhys
999 _c2732
_d2732